Statistiques concernant Culture Générale - Série 1122

Cliquez ici pour prendre le quiz!

Statistiques générales

  • Ce quiz a été pris 103 fois
  • Le résultat moyen est 5 sur 10

Statistiques - réponses

QuestionRéponse% Correct
Dans la famille Depardieu, acteurs, quel est le prénom du père de Julie ?Gérard
96%
Quelle est la capitale du Guatemala ?Guatemala
74%
Dans une cuisine, quel type d'ustensile est appelé "chinois" ?passoire
71%
Dans quelle ville d'Algérie le chanteur Khaled et le couturier Yves Saint-Laurent ont-ils vu le jour ?Oran
56%
Quel accessoire, mis à la mode en France par Catherine de Médicis, Molière appelait-il “le paravent de la pudeur” ?éventail
44%
Quel poisson de la famille des cyprinidés peut être “cuir”, “miroir” ou “chinoise” ?carpe
40%
Quel nom porte l'hybride produit par l'accouplement d'un cheval et d'une ânesse ?bardot
33%
En 1975, sous quel pseudonyme Jean-Jacques Tazartez connaît-il le succès avec les chansons : "Et mon père" et "So Far Away from L.A." ?Nicolas Peyrac
28%
Comment se prénomme la soubrette vive et délurée de la commedia dell'arte ?Colombine
18%
Quelle comédienne, prénommée Shirley, est la soeur de Warren Beatty ?Shirley MacLaine
18%

Distribution des résultats

Percentile par nombre de réponses

% des personnes avec chaque résultat

Votre développement - résultats

Vous n’avez pas pris ce quiz